<?xml version="1.0" encoding="UTF-8"?>
<marc:record xmlns:marc="http://www.loc.gov/MARC21/slim">
   <marc:leader>00000nam a2200000 a 4500</marc:leader>
   <marc:datafield ind1="1" ind2=" " tag="100">
      <marc:subfield code="a">Bauermeister, Christiane</marc:subfield>
      <marc:subfield code="4">aut</marc:subfield>
      <marc:subfield code="e">Verfasser/-in</marc:subfield>
   </marc:datafield>
   <marc:datafield ind1=" " ind2=" " tag="653">
      <marc:subfield code="a">Softcover / Reiseführer/Europa</marc:subfield>
   </marc:datafield>
   <marc:datafield ind1=" " ind2=" " tag="653">
      <marc:subfield code="a">Führer</marc:subfield>
   </marc:datafield>
   <marc:datafield ind1="0" ind2="0" tag="245">
      <marc:subfield code="a">Riga</marc:subfield>
   </marc:datafield>
   <marc:datafield ind1="0" ind2="0" tag="245">
      <marc:subfield code="b">Dom - größter Sakralbau des Baltikums, Zentralmarkt - der "Bauch" von Riga, Nationaloper - Genuss für alle Sinne ; Kartenatlas im Buch &amp; Extra-Karte zum Herausnehmen</marc:subfield>
   </marc:datafield>
   <marc:datafield ind1="0" ind2="0" tag="245">
      <marc:subfield code="c">Christiane Bauermeister</marc:subfield>
   </marc:datafield>
   <marc:datafield ind1=" " ind2="1" tag="264">
      <marc:subfield code="a">München</marc:subfield>
      <marc:subfield code="b">Travel-House-Media</marc:subfield>
      <marc:subfield code="c">2012</marc:subfield>
   </marc:datafield>
   <marc:datafield ind1="1" ind2=" " tag="490">
      <marc:subfield code="a">Merian live!</marc:subfield>
   </marc:datafield>
   <marc:datafield ind1=" " ind2=" " tag="250">
      <marc:subfield code="a">1. Aufl.</marc:subfield>
   </marc:datafield>
   <marc:datafield ind1="1" ind2=" " tag="520">
      <marc:subfield code="a">Angaben aus der Verlagsmeldung

Riga : MERIAN live! - Mit Kartenatlas im Buch und Extra-Karte zum Herausnehmen / von Christiane Bauermeister

Paris des Ostens - so wird Riga genannt. Die lettische Metropole ist politisches, wirtschaftliches und kulturelles Zentrum, extravagant und inspirierend, die einzige wirkliche Großstadt des Baltikums. Aufbruch ist überall zu spüren in Riga, dessen UNESCO-prämierte Jugendstilbauten wieder in alter Schönheit erstrahlen.
MERIAN live! bietet:
- Fundierte Beschreibungen aller wichtigen Sehenswürdigkeiten und Ausflugsziele
- Sorgfältig ausgewählte Hotel- und Restaurantempfehlungen, Ausgeh- und Shoppingadressen sowie Tipps für Familien
- Empfehlungen für den umweltbewussten Urlaub im Kapitel grüner reisen
- 10 MERIAN-TopTen stellen die Höhepunkte der Stadt vor
- 10 MERIAN-Tipps führen zu den unbekannten Seiten der Stadt
- Doppelter Vorteil: Kartenatlas im Buch und Extra-Karte zum Herausnehmen
</marc:subfield>
   </marc:datafield>
   <marc:datafield ind1=" " ind2=" " tag="020">
      <marc:subfield code="a">9783834210821</marc:subfield>
      <marc:subfield code="9">9783834210821</marc:subfield>
   </marc:datafield>
   <marc:datafield ind1=" " ind2=" " tag="020">
      <marc:subfield code="a">383421082X</marc:subfield>
      <marc:subfield code="9">383421082X</marc:subfield>
   </marc:datafield>
   <marc:datafield ind1=" " ind2=" " tag="041">
      <marc:subfield code="a">ger</marc:subfield>
   </marc:datafield>
   <marc:datafield ind1=" " ind2=" " tag="300">
      <marc:subfield code="a">128 S.</marc:subfield>
   </marc:datafield>
</marc:record>
